000 00810nam a2200265Ia 4500
003 OSt
005 20220925230631.0
006 a|||||r|||| 00| 0
007 ta
008 220923b |||||||| |||| 00| 0 eng d
020 _a1856496058
037 _cGeneral Book
040 _aRTL
_cRTL
_beng
041 _2eng
_aeng
082 _aY:677.40j6.N9, N8
100 _aHarrison Elizabeth
_9293990
245 0 _aWhose development
_b An ethnography of aid
260 _aLondon
_bZed Books
_c1998
300 _ax, 214p Bibliography: P 195-209
_ccm.
490 _aDevelopment and Environment Studies
650 _aSocialDevelopment
_9288878
700 _a Crewe Emma
_9293991
942 _hY:677.40j6.N9, N8
_cGB
_2CC
999 _c586184
_d586184